El Repartimiento General del Artículo 138 de la Ley Municipal / por Juan Pelegrí y Nicolau
Descripción Física:
28 p. ; 24'5 cm
MARC
| LEADER | 00000nam a2200000Ia 4500 | ||
|---|---|---|---|
| 001 | 11962 | ||
| 008 | 160829s1918 xx 000 0 cat d | ||
| 080 | |a RF-8-47 | ||
| 100 | |a Pelegrí i Nicolau, Joan |9 25220 | ||
| 245 | |a El Repartimiento General del Artículo 138 de la Ley Municipal / por Juan Pelegrí y Nicolau | ||
| 260 | |a Barcelona : |b (Tip. Centro Administración Municipal), |c 1918 | ||
| 300 | |a 28 p. ; |c 24'5 cm | ||
| 590 | |a Monografia premiada en el concurs celebrat per l'Acadèmia de Jurisprudència i Legislació l'any 1917. | ||
| 590 | |a Prové de 4256 | ||
| 650 | |a Llei Municipal |9 46842 | ||
| 650 | 0 | |a Finances municipals |9 22579 | |
| 856 | 4 | |u https://media.diba.cat/diba/fitxers/arxiu/fulletons/bib_11962_1918_baixa.pdf |y Accés lliure | |
| 856 | 4 | |u https://media.diba.cat/diba/fitxers/arxiu/fulletons/bib_11962_1918_baixa.pdf |y Accés lliure | |
| 901 | |a Arxiu | ||
| 942 | |n 1 |2 udc | ||
| 952 | |0 0 |1 0 |4 0 |6 RF847 |7 1 |9 53482 |a Arxiu |b Arxiu |d 2016-12-01 |l 0 |o RF-8-47 |p 11962 |r 2016-12-01 00:00:00 |w 2016-12-01 |y ARXIU | ||
| 999 | |c 57348 |d 57348 | ||
| 900 | |a bib_11962_1918_baixa.pdf | ||